000 00522nam a22001697a 4500
999 _c8411
_d8411
008 201118b ||||| |||| 00| 0 eng d
040 _aBMS College of Architecture
100 _aSherry, Johaan Varghese
245 _aApostolic church center
300 _a53p.
500 _a1BM11AT023
502 _8B,Arch
_NBMS College of Architecture, Visvesvaraya Technological University (VTU)
_aProject report
_d2019
650 _aChurch
700 _aJeeno George
_eGuide
700 _aRema Vaidyanathan
_eGuide
942 _2ddc
_cTHE